PSE: Passen Element und Ordnungszahl? - Sudden Death - Statistiken

Allgemein
  • Dieses Quiz wurde 142 mal gespielt
  • Das Durchschnittsergebnis liegt bei 6 aus 12
Answers on the Grid
Answers color-coded by a green-red scale on the quiz's grid according to % correct below.
Wasserstoff (1)
Helium (2)
Neon (10)
Kohlenstoff (6)
Aluminium (13)
Eisen (26)
Natrium (11)
Chlor (17)
Gold (79)
Uran (92)
Iod (53)
Radon (86)
Lithium (12)
Bor (55)
Fluor (18)
Schwefel (7)
Chrom (109)
Barium (4)
Tenness (3)
Quecksilber (96)
 
Antwortstatistiken
Antwort % Korrekt
Helium (2)
74%
Wasserstoff (1)
65%
Kohlenstoff (6)
58%
Natrium (11)
58%
Neon (10)
55%
Aluminium (13)
54%
Chlor (17)
53%
Iod (53)
49%
Eisen (26)
48%
Uran (92)
45%
Radon (86)
42%
Gold (79)
41%
Keine übereinstimmenden Quizze gefunden
Verteilung der Resultate
Anzahl Personen mit jedem Resultat
Perzentil nach korrekt beantworteten Fragen
Ihre Resultats-Entwicklung
Sie haben dieses Quiz noch nicht gespielt